Estatísticas para Países Produzindo a Maioria das Tâmaras

Clique aqui para jogar o quiz

Estatísticas Gerais

  • Esse quiz foi jogado 34 vezes
  • A pontuação média é 16 de 20

Estatísticas das Respostas

1000 toneladaspaís% Correto
1185Irão
94%
619Iraque
94%
755Arábia Saudita
91%
1590Egito
91%
44Israel
91%
25Jordânia
91%
48Iémen
88%
130Marrocos
84%
361Omã
84%
39Turquia
84%
1059Argélia
81%
29Catar
81%
260Tunísia
81%
475Emirados Árabes Unidos
78%
175Líbia
78%
524Paquistão
78%
87Kuweit
75%
439Sudão
69%
162China
56%
39Estados Unidos
38%

Distribuição das Pontuações

Percentil de Números Respondidos

Porcentagem de Pessoas com Cada Pontuação

Sua Pontuação Histórica

Você não jogou esse quiz